000 00855nam a22003017a 4500
003 CHAP
005 20220329135333.0
008 971013c19301914 r 00010 d
010 _a34634
011 _a35606
035 _a39722
040 _cCHAP
082 _a531
_bM4 1914
100 0 0 _aMerriman, Mansfield.
_975030
245 _aMechanics of materials
250 _a11 ed.
260 _aNew York :
_bWiley,
_c1930 (c.1914)
300 _a524 p.
_b: ilus
590 _aBATCH-UPD
_b10
_c20130110
_lUCH01
_h1608
590 _aBATCH-UPD
_b10
_c20130410
_lUCH01
_h1004
590 _aBATCH-UPD
_b10
_c20130914
_lUCH01
_h1806
590 _aCONVERSION
_b10
_c20130109
_lUCH01
_h1319
650 1 4 _aMecánica.
_973810
650 1 4 _aResistencia de materiales.
_996123
901 _aBK
942 _cLIBRO
949 _a531 M4 1914
_bBC
_cBPP
_d-90593
_eBPP
_i39722
_si
999 _c34634
_d34634